Sustainable science and engineering define priciples (Record no. 189494)
[ view plain ]
| 000 -LEADER | |
|---|---|
| fixed length control field | 01279 a2200313 4500 |
| 003 - CONTROL NUMBER IDENTIFIER | |
| control field | Nust |
| 005 - DATE AND TIME OF LATEST TRANSACTION | |
| control field | 20221007175624.0 |
| 010 ## - LIBRARY OF CONGRESS CONTROL NUMBER | |
| LC control number | 2007039329 |
| 020 ## - INTERNATIONAL STANDARD BOOK NUMBER | |
| International Standard Book Number | 0470130628 (cloth) |
| 020 ## - INTERNATIONAL STANDARD BOOK NUMBER | |
| International Standard Book Number | 9780470130629 (cloth) |
| 035 ## - SYSTEM CONTROL NUMBER | |
| System control number | (OCoLC)173480533 |
| 035 ## - SYSTEM CONTROL NUMBER | |
| System control number | (OCoLC)ocn173480533 |
| 040 ## - CATALOGING SOURCE | |
| Transcribing agency | Nust |
| 082 00 - DEWEY DECIMAL CLASSIFICATION NUMBER | |
| Classification number | 720.47,ABR |
| 100 1# - MAIN ENTRY--PERSONAL NAME | |
| Personal name | Martin A. Abraham |
| 9 (RLIN) | 99524 |
| 245 10 - TITLE STATEMENT | |
| Title | Sustainable science and engineering define priciples |
| Statement of responsibility, etc. | Martin A. Abraham |
| 260 ## - PUBLICATION, DISTRIBUTION, ETC. | |
| Place of publication, distribution, etc. | Hoboken, N.J. : |
| Name of publisher, distributor, etc. | John Wiley, |
| Date of publication, distribution, etc. | c2008. |
| 300 ## - PHYSICAL DESCRIPTION | |
| Extent | xi, 332 p. : |
| Other physical details | ill., map ; |
| Dimensions | 24 cm. |
| 505 ## - FORMATTED CONTENTS NOTE | |
| Formatted contents note | Part 1: The Principles (Page-1), Part 2: Developing the Principles (Page-89), Part 3: Applying the Principles (Page-291). |
| 650 #0 - SUBJECT ADDED ENTRY--TOPICAL TERM | |
| Topical term or geographic name entry element | Architecture |
| General subdivision | Decision making. |
| 9 (RLIN) | 31971 |
| 650 #0 - SUBJECT ADDED ENTRY--TOPICAL TERM | |
| Topical term or geographic name entry element | Buildings |
| General subdivision | Energy conservation. |
| 650 #0 - SUBJECT ADDED ENTRY--TOPICAL TERM | |
| Topical term or geographic name entry element | Buildings |
| General subdivision | Performance. |
| 9 (RLIN) | 32059 |
| 650 #0 - SUBJECT ADDED ENTRY--TOPICAL TERM | |
| Topical term or geographic name entry element | Environmental engineering. |
| 9 (RLIN) | 1550 |
| 700 1# - ADDED ENTRY--PERSONAL NAME | |
| Personal name | Brasier, Chris. |
| 9 (RLIN) | 99525 |
| 856 41 - ELECTRONIC LOCATION AND ACCESS | |
| Materials specified | Contributor biographical information |
| Uniform Resource Identifier | <a href="http://www.loc.gov/catdir/enhancements/fy0810/2007039329-b.html">http://www.loc.gov/catdir/enhancements/fy0810/2007039329-b.html</a> |
| 856 41 - ELECTRONIC LOCATION AND ACCESS | |
| Materials specified | Publisher description |
| Uniform Resource Identifier | <a href="http://www.loc.gov/catdir/enhancements/fy0801/2007039329-d.html">http://www.loc.gov/catdir/enhancements/fy0801/2007039329-d.html</a> |
| 856 41 - ELECTRONIC LOCATION AND ACCESS | |
| Materials specified | Table of contents only |
| Uniform Resource Identifier | <a href="http://www.loc.gov/catdir/enhancements/fy0801/2007039329-t.html">http://www.loc.gov/catdir/enhancements/fy0801/2007039329-t.html</a> |
| 942 ## - ADDED ENTRY ELEMENTS (KOHA) | |
| Koha item type | Reference |
| Source of classification or shelving scheme | |
| Withdrawn status | Lost status | Source of classification or shelving scheme | Damaged status | Not for loan | Permanent Location | Current Location | Shelving location | Date acquired | Full call number | Barcode | Date last seen | Price effective from | Koha item type | Public note |
|---|---|---|---|---|---|---|---|---|---|---|---|---|---|---|
| Military College of Signals (MCS) | Military College of Signals (MCS) | Reference | 12/12/2016 | 720.47,ABR | MCS35160 | 12/08/2016 | 12/12/2016 | Reference | Almirah No.24, Shelf No.6 |
